000 00979nam a22003137a 4500
003 CHAP
005 20220329133519.0
008 971013s1990 r 00010 d
010 _a7243
011 _a8215
035 _a7440
040 _cCHAP
082 _a635.65
_bS5
100 0 0 _aSingh, S. R.
_eed.
_9106641
245 _aInsect pests of tropical food legumes
260 _aChichester :
_bWiley,
_c1990
300 _a451 p.
_b: ilus.
500 _a64-210
590 _aBATCH-UPD
_b10
_c20130110
_lUCH01
_h0307
590 _aBATCH-UPD
_b10
_c20130110
_lUCH01
_h1633
590 _aCONVERSION
_b10
_c20130109
_lUCH01
_h1305
650 1 4 _aCultivos tropicales.
_930383
650 1 4 _aLeguminosas
_xEnfermedades.
_965821
650 1 4 _aLeguminosas
_xPlagas.
_965844
901 _aBK
942 _cLIBRO
949 _a635.65 S5
_bBC
_cLIBRO
_d33724000007514
_eLIBRO
_fc.2
_h88027
_i7440
_si
_t788.00
949 _a635.65 S5
_bBC
_cLIBRO
_d33724000263307
_eLIBRO
_gI.168099
_h83900
_i7440
_si
_t516.00
999 _c7243
_d7243